000 00303nam a22001337a 4500
008 171013b xxu||||| |||| 00| 0 eng d
020 _a0874111153
041 _aeng
080 _a316
100 _a51
101 _aSOC
245 _aGROWING OLD IN DIFFERENT SOCIETIES
_cSOKOLOVSKY,J
942 _2udc
_cBK
999 _c33753
_d33753